=LDR 00000nam 2200000 4500 =001 INLIS000000000022222 =005 20130612121012 =008 ***********************************Ind** =035 ##$$0010-061300000022222 =041 ##$$a Ind =082 ##$$a 658 =090 ##$$a 658, Sul p =100 ##$$a Sulfullah, Kurniawan =245 ##$$a Pengantar manajemen, Ernie tisnawati Suli, Kurniawan Saefullah =260 ##$$a 2006 $b Jakarta =300 ##$$a xxiv, 423 hlm, 23 cm =650 ##$$a Manajemen =850 ##$$a NBPNMAT =990 ##$$a 21602204/BPAP-NTB/2017